000 00908nam a2200241 a 4500
001 83729
003 BD-RjUL
005 20240513135545.0
008 240513s2001 bg a|||| m||| 00| 0 eng d
035 _a(BD-RjUL)83729
040 _aBD-RjUL
_beng
_cBD-RjUL
_dBD-RjUL
041 _aeng
082 _223
_a584.93
_bSAP 2001
100 _aSarker, Md. Kased Ali
_912811
245 1 0 _aPhenotypic Expression of Wheat (Triticum Aestivum L.) Under Environmental Variations /
_cBy Md. Kased Ali Sarker ;
_6Supervisor : A. K. M. Rafiul Islam
260 _aRajshahi :
_bDepartment of Botany, University of Rajshahi,
_c2001
300 _axxii, 194 Leaves :
_bill, ;
_c29 cm.
502 _aThesis (Ph. D.) -- Department of Botany, University of Rajshahi, 2001
504 _aReferences : Leaves [171]-194
650 _aWheat
_vPhenotypic
_912980
700 _aIslam, A. K. M. Rafiul, Supervisor
_92077
942 _2ddc
_cTHE
999 _c83729
_d83729